|
|
|
|
| LEADER |
02168nam a2200505 i 4500 |
| 001 |
EBC3425970 |
| 003 |
MiAaPQ |
| 005 |
20200520144314.0 |
| 006 |
m o d | |
| 007 |
cr cnu|||||||| |
| 008 |
970109s1997 nyua ob 001 0 eng|d |
| 020 |
|
|
|z 0801431646 (cloth : alk. paper)
|
| 020 |
|
|
|z 0801484308 (paper)
|
| 020 |
|
|
|z 9780801484308
|
| 020 |
|
|
|a 9781501700347
|q (electronic bk.)
|
| 035 |
|
|
|a (MiAaPQ)EBC3425970
|
| 035 |
|
|
|a (Au-PeEL)EBL3425970
|
| 035 |
|
|
|a (CaPaEBR)ebr11081722
|
| 035 |
|
|
|a (CaONFJC)MIL822033
|
| 035 |
|
|
|a (OCoLC)646215411
|
| 040 |
|
|
|a MiAaPQ
|b eng
|e rda
|e pn
|c MiAaPQ
|d MiAaPQ
|
| 043 |
|
|
|a a-su---
|a a-ye---
|
| 050 |
|
4 |
|a HC415.33
|b .C49 1997
|
| 082 |
0 |
|
|a 338.953
|2 21
|
| 100 |
1 |
|
|a Chaudhry, Kiren Aziz,
|e author.
|
| 245 |
1 |
4 |
|a The price of wealth :
|b economies and institutions in the Middle East /
|c Kiren Aziz Chaudhry.
|
| 264 |
|
1 |
|a Ithaca :
|b Cornell University Press,
|c 1997.
|
| 300 |
|
|
|a 1 online resource (351 pages) :
|b illustrations.
|
| 336 |
|
|
|a text
|2 rdacontent
|
| 337 |
|
|
|a computer
|2 rdamedia
|
| 338 |
|
|
|a online resource
|2 rdacarrier
|
| 490 |
1 |
|
|a Cornell studies in political economy
|
| 504 |
|
|
|a Includes bibliographical references and index.
|
| 588 |
|
|
|a Description based on print version record.
|
| 590 |
|
|
|a Electronic reproduction. Ann Arbor, MI : ProQuest, 2015. Available via World Wide Web. Access may be limited to ProQuest affiliated libraries.
|
| 651 |
|
0 |
|a Saudi Arabia
|x Economic policy.
|
| 651 |
|
0 |
|a Yemen (Republic)
|x Economic policy.
|
| 651 |
|
0 |
|a Middle East
|x Economic conditions.
|
| 651 |
|
0 |
|a Saudi Arabia
|x Politics and government.
|
| 651 |
|
0 |
|a Yemen (Republic)
|x Politics and government.
|
| 655 |
|
4 |
|a Electronic books.
|
| 776 |
0 |
8 |
|i Print version:
|a Chaudhry, Kiren Aziz.
|t Price of wealth : economies and institutions in the Middle East.
|d Ithaca : Cornell University Press, 1997
|h xiii, 330 pages ; 24 cm.
|k Cornell studies in political economy
|z 9780801484308
|w (DLC) 97001536
|
| 797 |
2 |
|
|a ProQuest (Firm)
|
| 830 |
|
0 |
|a Cornell studies in political economy.
|
| 856 |
4 |
0 |
|u https://ebookcentral.proquest.com/lib/matrademy/detail.action?docID=3425970
|z Click to View
|